书目信息 |
| 题名: |
长江教育论丛
|
|
| 作者: | 周洪宇 主编 | |
| 分册: | 二〇一九年第二辑 | |
| 出版信息: | 武汉 湖北教育出版社 2020.05 |
|
| 页数: | 136页 | |
| 开本: | 26cm | |
| 丛书名: | 长江教育书系 | |
| 单 册: | ||
| 中图分类: | G40-53 | |
| 科图分类: | ||
| 主题词: | 教育研究--jiao yu yan jiu--文集 | |
| 电子资源: | ||
| ISBN: | 978-7-5564-3691-0 | |
| 000 | 01099nam 2200265 450 | |
| 001 | 0105143322 | |
| 005 | 20201105164750.18 | |
| 010 | @a978-7-5564-3691-0@dCNY30.00 | |
| 100 | @a20200805d2020 em y0chiy50 ea | |
| 101 | 0 | @achi |
| 102 | @aCN@b420000 | |
| 105 | @ay z 000yy | |
| 106 | @ar | |
| 200 | 1 | @a长江教育论丛@Achang jiang jiao yu lun cong@h二〇一九年第二辑@f周洪宇主编 |
| 210 | @a武汉@c湖北教育出版社@d2020.05 | |
| 215 | @a136页@d26cm | |
| 225 | 2 | @a长江教育书系@Achang jiang jiao yu shu xi |
| 304 | @a长江教育研究院、教育治理与智库研究院组编 | |
| 330 | @a本书设有“国家重大战略与教育应对研究”“教育理论与现实问题研究”“基础教育治理研究”“高水平大学建设研究”四个模块,收录了《教育现代化2035与中国高等教育治理现代化》《“一带一路”国家文化教育研究全覆盖》《“一带一路”倡议:中国与全球教育治理》《京津冀协同发展视野下高校创业教育模式的构建》等文章。 | |
| 461 | 0 | @12001 @a长江教育书系 |
| 606 | 0 | @a教育研究@Ajiao yu yan jiu@j文集 |
| 690 | @aG40-53@v5 | |
| 701 | 0 | @a周洪宇@Azhou hong yu@4主编 |
| 801 | 0 | @aCN@bBJSZM@c20201105 |
| 905 | @b1262630-3@dG40-53@e1156(2018)@f4 | |
| 长江教育论丛.二〇一九年第二辑/周洪宇主编.-武汉:湖北教育出版社,2020.05 |
| 136页;26cm.-(长江教育书系) |
| ISBN 978-7-5564-3691-0:CNY30.00 |
| 本书设有“国家重大战略与教育应对研究”“教育理论与现实问题研究”“基础教育治理研究”“高水平大学建设研究”四个模块,收录了《教育现代化2035与中国高等教育治理现代化》《“一带一路”国家文化教育研究全覆盖》《“一带一路”倡议:中国与全球教育治理》《京津冀协同发展视野下高校创业教育模式的构建》等文章。 |
| ● |
| 相关链接 |
|
|
|
|
正题名:长江教育论丛
索取号:G40-53/1156(2018)
 
预约/预借
| 序号 | 登录号 | 条形码 | 馆藏地/架位号 | 状态 | 备注 |
| 1 | 1262630 | 212626309 | 第一样本阅览室/ [索取号:G40-53/1156(2018)] | 在馆 | |
| 2 | 1262631 | 212626318 | 教育系资料室/ [索取号:G40-53/1156(2018)] | 在馆 | |
| 3 | 1262632 | 212626327 | 教育系资料室/ [索取号:G40-53/1156(2018)] | 在馆 | |
| 4 | 1262633 | 212626336 | 第四借阅区/ [索取号:G40-53/1156(2018)] | 在馆 |